000 01274nam2a22002411 4500
001 RU\NLR\INFOCOMM18\1000069806
005 20250617134444.0
035 _a(NLR Aleph) 002640725
090 _a3783017
_c3783017
100 _a20040116d2001 |||y0rusy50 ca
101 0 _arus
102 _aRU
105 _ay |||||||||
200 0 _a2001, №1(18)
210 _d2001
_aБ. м.
461 0 _1001RU\NLR\INFOCOMM18\1000069797
_12001#$aВестник SETI$eИнформ. бюл.$fНауч. совет по астрономии РАН. Секция "Поиски внезем. цивилизаций", Рос. акад. космонавтики им. К.Э. Циолковского. Науч.-культ. центр SETI$v2001, №1(18)
_93782986
_cМ.
_d1993-
_fНауч. совет по астрономии РАН. Секция "Поиски внезем. цивилизаций", Рос. акад. космонавтики им. К.Э. Циолковского. Науч.-культ. центр SETI
_nНауч. совет по астрономии РАН
_oИнформ. бюл.
_tВестник SETI
_v2001, №1(18)
801 1 _aRU
_bInfoComm
_c20040116
801 0 _aRU
_bNLR
_gPSBO
852 _aNLR
_jП7/2513
942 _cISSUE
980 _aNB
980 _aRUSPER